| 000 | 00865cam a2200205 a 4500 | ||
|---|---|---|---|
| 020 | _a0877625182 | ||
| 082 | 0 | 0 |
_a624.171 _bWHI _cL-20, P-198 |
| 100 | 1 |
_aWhitney, James Martin, _942846 |
|
| 245 | 1 | 0 |
_aStructural analysis of laminated anisotropic plates / _cJames M. Whitney. |
| 260 |
_aLancaster, Pa., U.S.A. : _bTechnomic Pub. Co., _cc1987. |
||
| 300 |
_axii, 342 p. : _bill. ; _c24 cm. |
||
| 500 | _a"Laminated plate calculations (LAMPCAL--users' guide)": p. 329-338. | ||
| 500 | _a"Revision and major expansion of Theory of laminated plates, by J.E. Ashton and J.M. Whitney published in 1970"--Pref. | ||
| 526 |
_a0 _b0 _c0 _d624_171000000000000_WHI |
||
| 650 | 0 |
_aLaminated materials. _941192 |
|
| 650 | 0 | _aPlates (Engineering) | |
| 700 | 1 |
_aAshton, J. E. _942847 |
|
| 856 | 4 | 2 | _uhttp://www.loc.gov/catdir/enhancements/fy0646/87050430-d.html |
| 942 |
_2ddc _cBK |
||
| 999 |
_c546661 _d546661 |
||